000
00331nam a2200133Ia 4500
008
240624s9999 xx 000 0 und d
041
_a
eng
082
_a
823 SWI
100
_a
SWIFT JONATHAN
245
_a
GULLIVER S TRAVELS
260
_c
2010
_a
New Delhi
_b
HarperCollins
300
_a
vii, : 320 : p. : cm. ; 18
365
_c
RS
_b
25
999
_c
18551
_d
18551